Tổng hợp gia đình xây dựng cuộc sống ngày mai

Bewaard in:
Bibliografische gegevens
Formaat: Boek
Tags: Voeg label toe
Geen labels, Wees de eerste die dit record labelt!
Thư viện lưu trữ: Mạng thư viện Đại học Đà Nẵng
LEADER 00431nam a22001691a 4500
001 000039934
003 16229
005 20160412022706.0
008 160412s0 000
082 |a 4N(TK)926 
245 |a Tổng hợp gia đình xây dựng cuộc sống ngày mai 
OWN |a LNN 
999 |a From the UDN01 
TYP |a Monograph 
980 |a Mạng thư viện Đại học Đà Nẵng